书目信息 |
| 书名: | Introeuction to social problems | |
| 作者: | Glick. | |
| 分册号: | ||
| 分册名: | 出版地: | Reading, Massachusetts : |
|
| 出版社: | Addison-Wesley publishing company | |
| 出版时间: | 1980. | |
| 页数: | 523 p. ; | |
| 开本: | 29cm. | |
| 丛书名: | ||
| 中图分类号: | ||
| 科图分类号: | ||
| 其他分类号: | C913 | |
| 主题词: | ||
| 电子资源: | ||
| 000 | 00411nam 2200145 a 4500 | |
| 001 | E0256626366 | |
| 005 | 2002031515434609 | |
| 008 | 020315s1980 00010 eng | |
| 020 | @a0-201-02600-7. | |
| 040 | @aPFT@beng | |
| 090 | @aC913 | |
| 099 | @dC913@eG559 | |
| 245 | @aIntroeuction to social problems / @cGlick. | |
| 260 | @aReading, Massachusetts :@bAddison-Wesley publishing company,@c1980. | |
| 300 | @a523 p. ;@c29cm. | |
| Introeuction to social problems / / Glick.-Reading, Massachusetts : : Addison-Wesley publishing company, , 1980. |
| 523 p. ; ; 29cm. |
| ISBN 0-201-02600-7. |
| ● |
| 相关链接 |
|
|
|
正题名:Introeuction to social problems
索取号:C913/G559
 
预约/预借
| 序号 | 登录号 | 条形码 | 馆藏地/架位号 | 状态 | 备注 |
| 1 | 02046 | 300020466 | 社科库509/509社科库 131排2列2层/ [索取号:C913/G559] | 在馆 |